• 首页
  • 本馆介绍
  • 公告通知
  • 最新文献
  • 馆藏检索
  • 电子资源
  • 读者导购
  • 参考咨询
  • 我的图书馆
  • 登录
  • 详细信息显示
  • 放入我的书架
  • 预约/预借图书
  • 作者相关作品
  • 分类相关作品
  • 丛书相关作品
  • 出版社相关作品

书目信息

  • 表格格式
  • 工作单格式
  • 卡片格式
题名:
油茶优良种质资源
    
 
作者: 陈永忠 主编
分册:  
出版信息: 北京   中国林业出版社  2008
页数: 214页
开本: 29cm
丛书名: 中国林木种质资源丛书
单 册:
中图分类: S794.404
科图分类:
主题词: 油茶--种质资源--中国 , 油茶 , 种质资源
电子资源:
ISBN: 978-7-5038-5249-7
000 01080oam2 2200277 45
005 20100303150729.12
010    @a978-7-5038-5249-7@dCNY98.00
100    @a20100121d2008 em y0chiy50 ea
101 0  @achi
102    @aCN@b110000
105    @aa z 000yy
106    @ar
200 1  @a油茶优良种质资源@AYou Cha You Liang Zhong Zhi Zi Yuan@dOil tea camellia superior germplasm resources@f陈永忠主编@FChen Yong Zhong Zhu Bian@zeng
210    @a北京@c中国林业出版社@d2008
215    @a214页@c彩图@d29cm
225 2  @a中国林木种质资源丛书
330    @a本书以图文并茂的方式详细介绍了油茶优良种质资源的特性,共收集了湖南、广西、浙江、广东、福建、安徽和贵州等主要产区的油茶良种和优树资源210个,将为我国油茶产业的崛起和全面振兴提供丰富的良种资源。
461  0 @12001 @a中国林木种质资源丛书
510 1  @aOil tea camellia superior germplasm resources@zeng
606 0  @a油茶@x种质资源@y中国
606 0  @a油茶
606 0  @a种质资源
690    @aS794.404@v4
701  0 @a陈永忠@AChen Yong Zhong@4主编
801  0 @aCN@bTANGWEI@c20100303
905    @b0584734-36@dS794.404@e40@f3
    
    油茶优良种质资源=Oil tea camellia superior germplasm resources/陈永忠主编.-北京:中国林业出版社,2008
    214页:彩图;29cm.-(中国林木种质资源丛书)
    
    
    ISBN 978-7-5038-5249-7:CNY98.00
    本书以图文并茂的方式详细介绍了油茶优良种质资源的特性,共收集了湖南、广西、浙江、广东、福建、安徽和贵州等主要产区的油茶良种和优树资源210个,将为我国油茶产业的崛起和全面振兴提供丰富的良种资源。
●
相关链接 在E读中查询图书 在五车中查询图书 在当当中查询图书 在豆瓣中查询图书


正题名:油茶优良种质资源     索取号:S794.404/40         预约/预借

序号 登录号 条形码 馆藏地/架位号 状态 备注
1 0584734   205847342   第二样本阅览室/ [索取号:S794.404/40] 在馆    
2 0584735   205847351   生命科学系资料室/ [索取号:S794.404/40] 在馆    
3 0584736   205847360   第三借阅区/ [索取号:S794.404/40] 在馆    
唐山师范学院图书馆 欢迎您!
大连网信软件有限公司© 版权所有